LEADER 01092nam a2200265 i 4500 001 000000133088 003 CaOOAMICUS 005 20070403000000.0 008 070403s1972 it u000 u ita u 013 $a106106 040 $aSeMil$bita 100 1 $aLanne, Emmanuel,$c.$0(OLS)http://semarc/name/21222 240 12$aL'Église locale et l'Église universelle.$0(OLS)http://semarc/title/195181 245 13$aLa chiesa locale /$cEmmanuel Lanne, Jean-Jacques von Allmen. 260 $aRoma :$bAVE,$ccopyr. 1972. 300 $a115 p. ;$c19 cm. 490 0 $aMinima ;$v75 650 4$aChiesa locale - Missione.$0(OLS)http://semarc/subject/26144 700 1 $aAllmen, Jean-Jacques : von,$d<1917-1994>.$0(OLS)http://semarc/name/279 830 0$aMinima ;$v75.$0(OLS)http://semarc/title/6338 850 $aSeMil 852 $aSeMil$W1$xVenegono$y1$m2D I 240$j86961$B86961$CSeMilBibl$Z2$F122353 $81 961 $aOmaggio: Casiraghi don Ernesto 996 $6245$aLa chiesa locale$9(OLS)http://semarc/title/114477 996 $6260$aRoma :$bAVE$9(OLS)http://semarc/publisher/30251 LEADER 01062nam a2200217 i 4500 001 000000192778 003 CaOOAMICUS 005 20100929000000.0 008 100929s1916 it u000 u ita u 013 $a171412 040 $aSeMil$bita 100 1 $aTraverso, Luigi.$0(OLS)http://semarc/name/39638 245 10$aNicolò Olivieri e il riscatto delle schiave africane :$b(storia d'un eroe della carità) /$cD. Luigi Traverso ; con Prefazione di Filippo Crispolti. 260 $aFirenze :$b[s.n.],$cstampa 1916$e(Firenze :$fTipografia Arcivescovile,$gstampa 1916) 300 $aVII, 304 p. ;$c19 cm. 650 4$aOlivieri, Nicolò.$0(OLS)http://semarc/subject/36258 700 1 $aCrispolti, Filippo <1857-1942>.$0(OLS)http://semarc/name/42713 850 $aSeMil 852 $aSeMil$W1$xVenegono$y1$m3J III 68$j143353$B143353$CSeMilBibl$Z2$F154812 $81 996 $6245$aNicolò Olivieri e il riscatto delle schiave africane :$b(storia d'un eroe della carità)$9(OLS)http://semarc/title/277879 996 $6260$aFirenze :$b[s.n.]$9(OLS)http://semarc/publisher/30464